[Event "28th Saxony Seniors Open-ch 2020"]
[Site "Dresden"]
[Date "2020.10.21"]
[Round "9.1"]
[White "Weidlich, Guenter"]
[Black "Koehler, Gerhard"]
[Result "1-0"]
[WhiteElo "2172"]
[BlackElo "2211"]
[Annotator "TA"]
[PlyCount "55"]
[EventDate "2020.10.13"]
[EventType "swiss"]
[EventCountry "GER"]
[SourceTitle "playchess.com"]
[Source "ChessBase"]
[SourceQuality "1"]

{[%evp 25,55,57,61,49,49,49,55,55,55,49,51,51,83,87,94,97,137,131,135,139,225,225,225,225,239,239,303,307,539,521,530,493]} 1. Nf3 Nf6 2. d4 e6 3. g3 c5 4. c4 cxd4 5. Nxd4 a6 6. Bg2 Qc7 7. b3 Be7 8. O-O O-O 9. Bb2 d6 10. Nc3 Nc6 11. Rc1 Nxd4 12. Qxd4 Rb8 13. Rfd1 b6 14. Ne4 {[%cal Re4d6] A33: Symmetrical English: 2 Nf3 Nf6 3 d4 cxd4 4 Nxd4 e6 5 Nc3 Nc6.} Rd8 15. Nxf6+ Bxf6 16. Qd2 {White is slightly better.} Bxb2 17. Qxb2 Bb7 18. Bxb7 Qxb7 {[#]} 19. Qa3 $146 ({Predecessor:} 19. Rd2 b5 20. cxb5 axb5 21. Rdc2 b4 22. Qd4 Qa6 23. Qd2 d5 24. Qf4 Rf8 25. Rc6 Rb6 26. Rxb6 Qxb6 27. Rc2 {½-½ (27) Horvath,K (2100)-Somogyi,I (2225) Budapest 1998}) 19... d5 20. cxd5 Rxd5 21. Rxd5 exd5 $16 {[%mdl 4096] Endgame KQR-KQR} 22. Qd6 Rc8 (22... Re8 $16 23. e3 Qb8 24. Qxd5 h6) 23. Rxc8+ $18 Qxc8 24. Qxb6 ({Don't do} 24. Qxd5 $6 g6 $16) 24... h5 25. h4 g6 26. a4 Qf5 $2 {[#]} (26... g5 27. hxg5 h4) 27. Qxa6 Qb1+ 28. Kg2 {White took control after the opening. Av CentiPawn Loss W=-4/B=-35. Weighted=-1/-42} 1-0

[Event "28th Saxony Seniors Open-ch 2020"]
[Site "Dresden"]
[Date "2020.10.21"]
[Round "9.3"]
[White "Pruefer, Friedbert"]
[Black "Proschmann, Tino"]
[Result "1-0"]
[WhiteElo "2249"]
[BlackElo "2108"]
[Annotator "TA"]
[PlyCount "53"]
[EventDate "2020.10.13"]
[EventType "swiss"]
[EventCountry "GER"]
[SourceTitle "playchess.com"]
[Source "ChessBase"]
[SourceQuality "1"]

{[%evp 9,53,0,149,145,145,127,605,615,846,846,795,806,994,643,634,625,618,562,544,576,567,554,589,563,552,493,577,530,525,520,612,601,580,554,618,593,651,651,802,777,1230,1183,1335,1313,29997,29998]} 1. d4 d5 2. Bf4 c5 3. e4 Nc6 4. Nc3 cxd4 5. exd5 e5 (5... dxc3 $11 6. dxc6 Qxd1+ 7. Rxd1 bxc6) 6. dxc6 $16 {D00: 1 d4 d5: Unusual lines.} exf4 7. Bb5 {[#]} Qe7+ $146 {[%mdl 8192]} (7... bxc6 $16 8. Qe2+ (8. Bxc6+ Bd7 $16) 8... Be7 9. Bxc6+ {[%mdl 64] Double Attack} Bd7 10. Bxd7+ Qxd7) ({Predecessor:} 7... bxc6 8. Bxc6+ Bd7 9. Bxa8 dxc3 10. Bf3 cxb2 11. Rb1 Bb4+ 12. Kf1 Qf6 13. Ne2 Ne7 {0-1 (25) Loeffler,S (2376)-Shirov,A (2644) Berlin 2018}) 8. Nge2 $18 {[#] Black must now prevent cxb7+.White is clearly winning.} b6 9. Qxd4 a6 10. Nd5 Qd6 11. Nxb6 axb5 12. Nxa8 Qxc6 13. Qe5+ Be7 14. Nc7+ Kf8 15. Nd4 Qd7 16. Ncxb5 Bf6 17. Qd6+ Ne7 18. Qxd7 Bxd7 19. c3 Ng6 20. a4 Ke7 21. O-O Ra8 22. Nc7 Ra5 23. Rfe1+ Kf8 24. Ndb5 Ne7 25. b4 Rxb5 26. axb5 {[#] White threatens Ra8+ and mate.} Bxc3 27. Ra8+ {Black got outplayed after the opening. Av CentiPawn Loss W=-31/B=-143. Weighted=-31/-132} 1-0

[Event "28th Saxony Seniors Open-ch 2020"]
[Site "Dresden"]
[Date "2020.10.21"]
[Round "9.4"]
[White "Kreutzkamp, Hans-Rudolf"]
[Black "Kyas, Juergen"]
[Result "1-0"]
[WhiteElo "2046"]
[BlackElo "2202"]
[Annotator "TA"]
[PlyCount "67"]
[EventDate "2020.10.13"]
[EventType "swiss"]
[EventCountry "GER"]
[SourceTitle "playchess.com"]
[Source "ChessBase"]
[SourceQuality "1"]

{[%evp 18,67,32,27,36,43,50,18,25,-41,10,-21,0,-5,0,-69,-66,-151,-162,-148,-127,-139,-79,-110,-97,-127,-25,-175,-175,-179,-182,-189,-180,-179,-180,-254,422,437,425,420,641,426,431,412,439,411,29992,1943,1614,799,802,774]} 1. e4 c5 2. Nf3 g6 3. d4 cxd4 4. Nxd4 Nc6 5. c4 Nf6 6. Nc3 d6 7. Be2 Nxd4 8. Qxd4 Bg7 9. O-O O-O 10. Qd1 Bd7 {B36: Sicilian: Maroczy Bind: Gurgenidze System.} 11. Be3 Bc6 12. Bd3 Nd7 {The position is equal.} 13. f4 {[#]} (13. Rc1 $11) 13... a5 $146 ({Black should play} 13... Bxc3 $15 14. bxc3 Qa5) ({Predecessor:} 13... Nc5 14. Qc2 Nxd3 15. Qxd3 a6 16. f5 Qa5 17. Bd4 Bxd4+ 18. Qxd4 Rac8 19. f6 exf6 20. Rxf6 {0-1 (53) Alarcon Pages,S (1948)-Serra Palomar,J (1924) Girona 2017}) 14. Kh1 a4 {[%cal Ba5a4,Ba4a3,Ba3b2][%mdl 32]} 15. Rc1 Qa5 16. Bb1 (16. a3 $11) 16... a3 $15 17. Bd4 ({Better is} 17. b4 $15 Qxb4 {[%mdl 64] Double Attack} 18. Nd5 Bxd5 19. cxd5) 17... axb2 $17 18. Rc2 e5 19. fxe5 dxe5 (19... Nxe5 $142 20. Rxb2 Nxc4 21. Bxg7 Kxg7 22. Qd4+ Ne5) 20. Be3 Nc5 $36 {[%mdl 2048] White is under strong pressure.} 21. Rcf2 Qb4 (21... Qxc3 $17 22. Bxc5 Rfc8) 22. Qd6 (22. Nd5 $1 $11 {and White stays safe.} Qa3 23. Bxc5 Qxc5 24. Rxb2) 22... Qxc3 $19 23. Qxc5 Ra5 24. Qb6 {Black should prevent Bd2.} Ra6 25. Qc5 Ra4 26. a3 (26. h3 {was forced.}) 26... Rxa3 $4 {[%mdl 8192]} (26... Rxc4 $19 27. Qb6 Bxe4 28. Rxb2 Rc6) 27. Bd2 $1 $18 Qb3 {aiming for ...Ra4.} 28. Rf3 Rfa8 (28... Qxf3 $142 29. gxf3 Rb3) 29. Rxb3 Rxb3 30. Qe7 f6 31. h4 Ra1 {[#]} (31... Re8 $18 32. Qc7 Rg3) 32. Qe6+ (32. Bh6 $142 $1 {[%mdl 512]} Rh3+ (32... Bxh6 33. Qe6+) 33. gxh3 Bxh6 34. Qe6+ Kf8 35. Rxf6+ Kg7 36. Rf7+ Kh8 37. Qc8+ Be8 38. Qxe8+ {[%mdl 64] Double Attack} Bf8 39. Qxf8#) 32... Kf8 {[#]} 33. Bb4+ (33. Bh6 $142 $1 {[%mdl 512]} Rf3 (33... Bxh6 34. Rxf6+) 34. Rxf3 Rxb1+ {[#]} 35. Kh2 $1 {[%mdl 512]} f5 36. exf5 Rh1+ 37. Kxh1 Bxf3 38. f6) 33... Rxb4 34. Qd6+ {[%mdl 64] Double Attack. Av CentiPawn Loss W=-111/B=-81. Weighted=-83/-170} 1-0

[Event "28th Saxony Seniors Open-ch 2020"]
[Site "Dresden"]
[Date "2020.10.21"]
[Round "9.5"]
[White "Glasewald, Stefan"]
[Black "Schoehl, Gerd"]
[Result "1/2-1/2"]
[WhiteElo "1988"]
[BlackElo "1963"]
[Annotator "TA"]
[PlyCount "33"]
[EventDate "2020.10.13"]
[EventType "swiss"]
[EventCountry "GER"]
[SourceTitle "playchess.com"]
[Source "ChessBase"]
[SourceQuality "1"]

{[%evp 13,19,31,23,27,37,0,7,5]} 1. d4 d6 2. e4 Nf6 3. Nc3 e5 4. dxe5 dxe5 5. Qxd8+ Kxd8 6. Bg5 Be6 7. O-O-O+ Kc8 8. f4 {B07: Pirc Defence: Miscellaneous Systems.} exf4 9. e5 Nfd7 10. Bxf4 {[#] Not much happened in this game.} {Predecessor:} h6 $146 11. h4 a6 12. Nf3 Nc6 13. Be2 g6 14. Rhe1 Bg7 15. Bd3 Nc5 16. Be4 Nxe4 17. Nxe4 {0-1 (48) Chylewski,P (2181)-Korpa,B (2449) Krakow 2015} 1/2-1/2

[Event "28th Saxony Seniors Open-ch 2020"]
[Site "Dresden"]
[Date "2020.10.21"]
[Round "9.6"]
[White "Moritz, Hartmut"]
[Black "Klemm, Guenter"]
[Result "1-0"]
[WhiteElo "2066"]
[BlackElo "1848"]
[Annotator "TA"]
[PlyCount "21"]
[EventDate "2020.10.13"]
[EventType "swiss"]
[EventCountry "GER"]
[SourceTitle "playchess.com"]
[Source "ChessBase"]
[SourceQuality "1"]

{[%evp 9,21,50,60,53,135,139,114,128,173,153,539,534,828,826]} 1. e4 d5 2. exd5 Qxd5 3. Nf3 g6 4. Nc3 Qd8 5. Bc4 Nh6 6. d4 {[#] B01: Scandinavian Defence.} c6 $146 (6... Bg7 $14) ({Predecessor:} 6... Nf5 7. h4 Bg7 8. Be3 Nxe3 9. fxe3 h6 10. h5 g5 11. Qd3 Nd7 12. O-O-O Nb6 13. Bb3 {1-0 (24) Adhiban,B (2659)-Timofeev,A (2580) chess.com INT 2020}) 7. Bg5 Nf5 8. Qe2 h6 9. Ne5 {[%csl Ge5][%cal Rc4f7] [#]} Nd6 $2 (9... Rh7 $16 {is more resistant.}) 10. Ne4 $18 Nxc4 11. Nxc6 {White took control after the opening.} ({Stronger than} 11. Nxc4 Bg7 $11) ({Not} 11. Qxc4 Be6 $11) 1-0